000 00719nam a2200217 i 4500
001 130087
003 ES-MaACL
005 20230906193634.0
007 t|
008 070718s1981 sp ||||1| spa d
100 1 _aZurdo y Ruiz-Ayúcar, Juan.
_9118534
245 1 3 _aEl impuesto sobre sucesiones y donaciones /
_cpor Juan Zurdo y Ruiz-Ayúcar.
260 _aMadrid :
_bInstituto de Estudios Económicos,
_c1981.
300 _aX, 109 p. ;
_c30 cm.
490 1 _aInformes
650 1 4 _aImpuesto sobre sucesiones y donaciones-
_vJurisprudencia.
_913632
710 2 _aInstituto de Estudios Económicos (Madrid)
_94899
830 0 _aInformes
_9182704
852 _aES-MaACL
_jL-1556
_bR.102201
999 _c130087
_d130087